书目信息 |
| 题名: |
移动源环境保护知识问答
|
|
| 作者: | 倪红 , 丁焰 主编 ;生态环境部大气环境司 , 中国环境科学研究院 编著 | |
| 分册: | ||
| 出版信息: | 北京 中国环境出版集团 2021.10 |
|
| 页数: | xv, 219页 | |
| 开本: | 21cm | |
| 丛书名: | “机动车船污染防治和治理”系列丛书 | |
| 单 册: | ||
| 中图分类: | X501 | |
| 科图分类: | ||
| 主题词: | 移动污染源--yi dong wu ran yuan--环境保护--基本知识--中国 | |
| 电子资源: | ||
| ISBN: | 978-7-5111-4947-3 | |
| 000 | 01285nam 2200289 450 | |
| 001 | 27048 | |
| 005 | 20220920212026.64 | |
| 010 | @a978-7-5111-4947-3@dCNY66.00 | |
| 100 | @a20220815d2021 em y0chiy50 ea | |
| 101 | 0 | @achi |
| 102 | @aCN@b110000 | |
| 105 | @aa z 000yy | |
| 200 | 1 | @a移动源环境保护知识问答@Ayi dong yuan huan jing bao hu zhi shi wen da@f生态环境部大气环境司, 中国环境科学研究院编著 |
| 210 | @a北京@c中国环境出版集团@d2021.10 | |
| 215 | @axv, 219页@c彩图@d21cm | |
| 225 | 2 | @a“机动车船污染防治和治理”系列丛书@A“ ji dong che chuan wu ran fang zhi he zhi li ”xi lie cong shu |
| 314 | @a书内题: 倪红, 丁焰主编 | |
| 330 | @a本书分为六篇, 依次介绍移动源排放基础知识、相关环境保护法规政策、移动源排放标准、排放控制技术、车用燃料和机动车船使用常识。具体内容包括: 移动源基本知识 ; 移动源排放状况等。 | |
| 410 | 0 | @12001 @a“机动车船污染防治和治理”系列丛书 |
| 606 | 0 | @a移动污染源@Ayi dong wu ran yuan@x环境保护@x基本知识@y中国 |
| 690 | @aX501@v5 | |
| 701 | 0 | @a倪红@Ani hong@4主编 |
| 701 | 0 | @a丁焰@Ading yan@4主编 |
| 712 | 02 | @a生态环境部大气环境司@Asheng tai huan jing bu da qi huan jing si@4编著 |
| 712 | 02 | @a中国环境科学研究院@Azhong guo huan jing ke xue yan jiu yuan@4编著 |
| 801 | 0 | @aCN@c20220910 |
| 905 | @a河南城建学院图书馆@dX501@eN496@f2 | |
| 移动源环境保护知识问答/生态环境部大气环境司, 中国环境科学研究院编著.-北京:中国环境出版集团,2021.10 |
| xv, 219页:彩图;21cm.-(“机动车船污染防治和治理”系列丛书) |
| ISBN 978-7-5111-4947-3:CNY66.00 |
| 本书分为六篇, 依次介绍移动源排放基础知识、相关环境保护法规政策、移动源排放标准、排放控制技术、车用燃料和机动车船使用常识。具体内容包括: 移动源基本知识 ; 移动源排放状况等。 |
| ● |
| 相关链接 |
|
|
|
正题名:移动源环境保护知识问答
索取号:X501/N496
 
预约/预借
| 序号 | 登录号 | 条形码 | 馆藏地/架位号 | 状态 | 备注 |
| 1 | 1578755 | 215787557 | 自科库501/501自科库 98排2列3层/ [索取号:X501/N496] | 在馆 | |
| 2 | 1578756 | 215787566 | 自科库501/501自科库 98排2列3层/ [索取号:X501/N496] | 在馆 |